Symmetrical components as applied to the analysis of unbalanced electrical circuits (Record no. 180957)

000 -LEADER
fixed length control field 01603 a2200193 4500
003 - CONTROL NUMBER IDENTIFIER
control field Nust
005 - DATE AND TIME OF LATEST TRANSACTION
control field 20221103175858.0
020 ## - INTERNATIONAL STANDARD BOOK NUMBER
International Standard Book Number 070676607
040 ## - CATALOGING SOURCE
Transcribing agency Nust
082 ## - DEWEY DECIMAL CLASSIFICATION NUMBER
Classification number 621.3192,WAG
245 ## - TITLE STATEMENT
Title Symmetrical components as applied to the analysis of unbalanced electrical circuits
Remainder of title with an introduction by C.L. Fortescue; used as a text in the design course of the Westinghouse graduate school /
Statement of responsibility, etc. C.F. Wagner and R.D. Evans
250 ## - EDITION STATEMENT
Edition statement 1st ed
260 ## - PUBLICATION, DISTRIBUTION, ETC.
Place of publication, distribution, etc. McGraw-Hill
Name of publisher, distributor, etc. New York, London
Date of publication, distribution, etc. 1933
300 ## - PHYSICAL DESCRIPTION
Extent xvi, 437 p
Other physical details illus
Dimensions diagrs
Accompanying material 24 cm
505 ## - FORMATTED CONTENTS NOTE
Formatted contents note Introduction (Page-1), Fundamental Principles (Page-9), Calculation of Unbalanced Faults (Page-26), Illustration of Unbalanced Fault Calculation (Page-52), Constants of Synchronous Machines (Page-74), Constants of Transformers (Page-111), Constants of Short Transmission Lines Without Ground Wires (Page-136), Constants of Short Transmission Lines With Ground Wires (Page-163), Constants of Long Transmission Lines (Page-182), Constants of Cables (Page-198), Power System Voltages and Currents Under Fault Condition (Page-222), Simultaneous Faults (Page-238), Determination of Sequence Quantities from Phase Quantities (Page-259), Measurement of Sequence Voltages and Currents (Page-271), Measurement of power Quantities on Polyphase Circuits (Page-306), Multiphase Systems (Page-328), Inducation Motors (Page-345), Unsymmetrical System and Phase- Balancers (Page-363).
600 ## - SUBJECT ADDED ENTRY--PERSONAL NAME
Personal name Wagner C.F.
9 (RLIN) 41803
650 ## - SUBJECT ADDED ENTRY--TOPICAL TERM
Topical term or geographic name entry element Symmetrical components as applied to the analysis of unbalanced electrical circuits
9 (RLIN) 102353
942 ## - ADDED ENTRY ELEMENTS (KOHA)
Source of classification or shelving scheme
Koha item type Book
Holdings
Withdrawn status Lost status Source of classification or shelving scheme Damaged status Not for loan Collection code Permanent Location Current Location Date acquired Total Checkouts Full call number Barcode Date last seen Price effective from Koha item type
            Military College of Signals (MCS) Military College of Signals (MCS) 12/12/2016   621.3192 WAG MCS5420 12/08/2016 12/12/2016 Book
© 2023 Central Library, National University of Sciences and Technology. All Rights Reserved.